Central Library OPAC University of Rajshahi

Management and the social sciences : (Record no. 57595)

MARC details
000 -LEADER
fixed length control field 00835nam a2200277 a 4500
001 - CONTROL NUMBER
control field 57595
003 - CONTROL NUMBER IDENTIFIER
rucl marc code BD-RjUL
005 - DATE AND TIME OF LATEST TRANSACTION
control field 20211209080531.0
008 - FIXED-LENGTH DATA ELEMENTS--GENERAL INFORMATION
fixed length control field 701211s1970 enka b 001 0 eng
020 ## - INTERNATIONAL STANDARD BOOK NUMBER
International Standard Book Number 0854920102
035 ## - SYSTEM CONTROL NUMBER
System control number (BD-RjUL)57719
040 ## - CATALOGING SOURCE
Original cataloging agency DLC
Transcribing agency DLC
Modifying agency BD-RjUL
Language of cataloging eng
041 ## - LANGUAGE CODE
Language code of text/sound track or separate title eng
082 00 - DEWEY DECIMAL CLASSIFICATION NUMBER
Classification number 658
Edition number 23
Author mark and year LUM 1970
100 1# - MAIN ENTRY--PERSONAL NAME
Personal name Lupton, Tom.
9 (RLIN) 171013
245 10 - TITLE STATEMENT
Title Management and the social sciences :
Remainder of title an essay /
Statement of responsibility, etc. Tom Lupton
250 ## - EDITION STATEMENT
Edition statement 2nd ed.
260 ## - PUBLICATION, DISTRIBUTION, ETC. (IMPRINT)
Place of publication, distribution, etc. London :
Name of publisher, distributor, etc. Lyon, Grant, & Green,
Date of publication, distribution, etc. 1970.
300 ## - PHYSICAL DESCRIPTION
Pagination xii, 123 p. :
Illustrations ill. ;
Size 23 cm.
490 0# - SERIES STATEMENT
Series statement Administrative Staff College publications
504 ## - BIBLIOGRAPHY, ETC. NOTE
Bibliography, etc Bibliography: p. 116.
650 #0 - SUBJECT ADDED ENTRY--TOPICAL TERM
Topical term or geographic name as entry element Industrial management.
9 (RLIN) 171014
Topical term or geographic name as entry element Management
9 (RLIN) 172842
830 ## - SERIES ADDED ENTRY--UNIFORM TITLE
Uniform title Administrative Staff College publications
942 ## - ADDED ENTRY ELEMENTS (KOHA)
Source of classification or shelving scheme Dewey Decimal Classification
Koha item type Books
Holdings
Lost status Source of classification or shelving scheme Damaged status Not for loan Collection code Permanent Location Current Location Shelving location Date acquired Source of acquisition Cost, normal purchase price Total Checkouts Full call number Date last seen Copy number Koha item type
  Dewey Decimal Classification   Not For Loan Non-fiction Central Library, University of Rajshahi Central Library, University of Rajshahi Reading Room 14/12/1974 Jonthon waren and co. ltd. London 140.00   658 LUM 1970 10/12/2016 C-1 Books